000 00551nam a22001697a 4500
003 OSt
005 20260407114501.0
008 260407b |||||||| |||| 00| 0 eng d
040 _cMRSPTU
041 _aEnglish
100 _aShilpa, Supervisor: Pritpal Singh Bhullar
245 _aStudy of Investment Intention of Agrarian Class A Perspective from Rural Punjab
260 _bDepartment of UBS, MRSPTU, Bathinda
_c2023
650 _aUniversity Business School
856 _uhttp://163.47.215.52:8080/jspui/handle/123456789/835
942 _2ddc
_cTH
_n0
999 _c11329
_d11329